000 00319nam a2200121Ia 4500
008 190216s9999||||xx |||||||||||||| ||und||
100 _aJohn R Stockton And Charls T Clark
245 0 _aIntroduction To Business And Economic Ststistics
260 _bSahitya Bhawan
300 _a671p
650 _aEconomics
942 _cBK
999 _c9427
_d9427